000 00402nam a2200121Ia 4500
008 220615s9999||||xx |||||||||||||| ||und||
100 _aRamana Vinjamuri
245 0 _aBiomimetic Prosthetics
546 _aEnglish[eng]
650 _aPhysical Sciences||Engineering and Technology||Bionics||Biomimetic Robotics||Robotics
856 _uhttps://www.intechopen.com/books/biomimetic-prosthetics
942 _cEB
999 _c18805
_d18805